000 00250nam a2200085Ia 4500
245 0 _aThe complete guide to taking great photographs
100 _a Freeman, John New York, 2004
_9102070
942 _cBK
008 210818s9999 xx 000 0 und d
999 _c442972
_d442971